00985cam a2200253 a 450000100100000000500170001000800410002704000250006804100380009304200120013108200180014310000390016124501210020026000540032130000210037565000260039665000300042270000430045270000360049570000300053191000340056195201210059599900150071600000435620200929151429.0751010s1955 xxc 001 1 eng  aDO-SdBNPbspacBNPHU17aenghfre2Código de idioma MARC apremarc a843.54bR888c1 aRoy, Gabrielle,d1909-1983.91283514aThe cashier /cRoy Gabrielle; traducción, Harry Binsse ; introducción, W. C. Lougheed ; edición, Malcolm Ross. aToronto :bMcClelland and Stewart Limited,c1955. a219 p. ;c18 cm. 4aNovela francesa91075 4aLiteratura francesa910741 aHarry Binsse, Harry Binsseetr.9128361 aLougheed, W. C.eintrod.9128371 aRoss, Malcolmeed.912838 aCatalogación original noche 001052708MOaGRbGRcCTd2009-07-21iLF1l0o843.54 R888cp4356-10r2020-06-25w2020-06-25y2ZPréstamo interno c4165d4165